The enimie of idlenesse : teaching the maner and stile how to endite, compose and write all sorts of epistles and letters: as well by answer, as otherwise. Deuided into foure bokes, no lesse plesaunt than profitable. Set forth in English by William Fulwood marchant, &c. The contentes hereof appere in the table at the latter ende of the booke.

Bibliographic Details
Uniform Title:Stile et maniere de composer, dicter, & escrire toutes sortes d'epistres.
Other Authors: Fulwood, William
Format: eBook
Language:English
Published: Imprinted at London : By Henry Bynneman, for Leonard Maylard, Anno 1568.
Series:Early English books online.
Subjects:
Online Access:Connect to the full text of this electronic book
Connect to the full text of this electronic book

MARC

Tag First Indicator Second Indicator Subfields
LEADER 00000nam a2200000 4500
001 in00004223813
005 20200806095027.0
006 m g d
007 cr bn |||a|bb|
008 901107s1568 enk o 00| | eng d
035 |a (UnM)99838522 
037 |a CL0036000008  |b ProQuest. 789 E. Eisenhower Parkway, Ann Arbor, MI 48108-3218 
037 |a CL0036000009  |b ProQuest. 789 E. Eisenhower Parkway, Ann Arbor, MI 48108-3218 
040 |a Cu-RivES  |c Cu-RivES  |d CStRLIN  |e dcrb  |d WaOLN 
130 0 |a Stile et maniere de composer, dicter, & escrire toutes sortes d'epistres.  |l English. 
245 1 4 |a The enimie of idlenesse :  |b teaching the maner and stile how to endite, compose and write all sorts of epistles and letters: as well by answer, as otherwise. Deuided into foure bokes, no lesse plesaunt than profitable. Set forth in English by William Fulwood marchant, &c. The contentes hereof appere in the table at the latter ende of the booke. 
260 |a Imprinted at London :  |b By Henry Bynneman, for Leonard Maylard,  |c Anno 1568. 
300 |a 1 online resource ([6], 145, [7] leaves 
336 |a text  |b txt  |2 rdacontent 
337 |a computer  |b c  |2 rdamedia 
338 |a online resource  |b cr  |2 rdacarrier 
500 |a Chiefly a translation of the anonymous: Le stile et maniere de composer, dicter, and escrire toutes sortes d'epistres. 
500 |a Book 4 is partly in verse. 
500 |a Bodleian Library copy identified as STC 11477 on UMI microfilm reel 243. 
500 |a Reproductions of the originals in the Bodleian Library and the Henry E. Huntington Library and Art Gallery. 
500 |a Appears at reel 243 (Bodleian Library copy) and at reel 294 (Henry E. Huntington Library and Art Gallery copy). 
510 4 |a STC (2nd edition)  |c 11476. 
533 |a Electronic reproduction.  |b Ann Arbor, Mich. :  |c UMI,  |d 1999-  |f (Early English books online)  |n Digital version of: (Early English books, 1475-1640 ; 243:06, 294:02)  |7 s1999 miun s 
650 0 |a Letter writing  |v Early works to 1800. 
700 1 |a Fulwood, William. 
830 0 |a Early English books online. 
856 4 0 |u http://proxy.library.tamu.edu/login?url=https://search.proquest.com/docview/2248579422  |z Connect to the full text of this electronic book  |t 0 
856 4 0 |u http://proxy.library.tamu.edu/login?url=https://search.proquest.com/docview/2264243353  |z Connect to the full text of this electronic book  |t 0 
999 f f |s cf51b6c9-f235-3c17-82f6-9b178c7778c3  |i 68b04f8d-a1c7-3891-abd1-f663b9b86f8f  |t 0 
952 f f |a Texas A&M University  |b College Station  |c Electronic Resources  |d Available Online  |t 0  |h No information provided 
998 f f |t 0  |l Available Online